000 00677nam a2200193Ia 4500
003 GCL
008 140319s9999 xx 000 0 ara d
040 _aGCL /
_cGCL
082 0 4 _a345.01
_bح م
100 1 _aحسن صادق المرصفاوى
245 1 0 _aالمرصفاوى فى الدعوى المدنية امام المحاكم الجنائية /
_cحسن صادق المرصفاوى
260 _a[S.N] :
_bمكتبه النهضه المصريه ،
_c1989
300 _a606 ص
490 _aالكتب القانونية
_v0
650 0 4 _aالقانون الجنائى
650 0 4 _aالقانون
650 0 4 _aالمحاكم الجنائية
942 _2ddc
_cBK
999 _c41130
_d41130